LEADER 00679nam0-22002651i-450- 001 990005511660203316 005 20030512120000.0 035 $a000551166 035 $aUSA01000551166 035 $a(ALEPH)000551166USA01 035 $a000551166 100 $a20030512d2003-------|0itac50------ba 101 $aita 102 $aIT 105 $a|||| ||||| 200 1 $aE-learning$fLa Noce F 210 $aBologna$cIl mulino$d2003 801 $aIT$bSOL$c20120104 912 $a990005511660203316 951 $aDIP.TO SCIENZE ECONOMICHE - (SA)$bDS2003 1E 20030512 959 $aBK 969 $aDISES 979 $c20121027$lUSA01$h1532 996 $aE-learning$9733819 997 $aUNISA LEADER 01053nam0-22003371i-450- 001 990001838060403321 005 20080624150959.0 035 $a000183806 035 $aFED01000183806 035 $a(Aleph)000183806FED01 035 $a000183806 100 $a20030910d1889----km-y0itay50------ba 101 0 $aita 102 $aIT 105 $ay-------001yy 200 1 $aInfluenza del terreno che aderisce ai grappoli sull'acidità dei mosti$fAntonio Fonseca 210 $aBarletta$c[s.n.]$d1889 215 $a7 p.$d25 cm 300 $aEstr. da: Annuario della R. Cantina Sperimentale di Barletta, 1887. 610 0 $aMosto d'uva 676 $a663.2 700 1$aFonseca,$bAntonio$c$0355277 801 0$aIT$bUNINA$gRICA$2UNIMARC 901 $aBK 912 $a990001838060403321 952 $a60 DONO COMES 9/11$b38306$fFAGBC 952 $a60 MISC. B 10/3$b957$fFAGBC 952 $a60 MISC. A 54/7$fFAGBC 959 $aFAGBC 996 $aInfluenza del terreno che aderisce ai grappoli sull'acidità dei mosti$9414462 997 $aUNINA